000 00469nam a2200169 i 4500
001 70124
003 ES-MaACL
005 20230906170727.0
007 t|
008 040719s1981 sp |||| | spa d
100 1 _aGarcía del Oso, Manuel.
_954522
245 1 0 _aPsicopoética... /
_cGarcía del Oso, M. (sombra bohemia).
250 _a2ª ed.
260 _aMadrid :
_b[s.n.,
_c1981] (
_fImp. El Economista)
300 _a74 p. ;
_c22 cm.
852 _aES-MaACL
_jL-5590
999 _c70124
_d70124